[Autobus 9 : (Record no. 24811)
[ view plain ]
| 000 -CABECERA | |
|---|---|
| campo de control de longitud fija | 00417nam a2200157 a 4500 |
| 001 - NÚMERO DE CONTROL | |
| campo de control | 000025319 |
| 005 - FECHA Y HORA DE LA ÚLTIMA TRANSACCIÓN | |
| campo de control | 20200930023714.0 |
| 008 - DATOS DE LONGITUD FIJA--INFORMACIÓN GENERAL | |
| campo de control de longitud fija | 101216s19uu sp r 000 | spa d |
| 040 ## - FUENTE DE LA CATALOGACIÓN | |
| Centro catalogador/agencia de origen | DO-SdBNP |
| Lengua de catalogación | spa |
| Centro/agencia transcriptor | BNPHU |
| 082 ## - NÚMERO DE LA CLASIFICACIÓN DECIMAL DEWEY | |
| Número de clasificación | xxx |
| Número de documento/Ítem | B976u |
| 049 ## - FONDOS LOCALES (OCLC) | |
| Fondos de biblioteca | BNGR |
| 100 ## - ENTRADA PRINCIPAL--NOMBRE DE PERSONA | |
| Nombre de persona | Buscaglia, Leo |
| 9 (RLIN) | 51860 |
| 245 10 - MENCIÓN DE TÍTULO | |
| Título | [Autobus 9 : |
| Resto del título | al paraíso ] / |
| Mención de responsabilidad, etc. | Leo Buscaglia. |
| 260 ## - PUBLICACIÓN, DISTRIBUCIÓN, ETC. | |
| Lugar de publicación, distribución, etc. | [s.l.] : |
| Nombre del editor, distribuidor, etc. | [s.n.], |
| Fecha de publicación, distribución, etc. | 19?. |
| 300 ## - DESCRIPCIÓN FÍSICA | |
| Extensión | 255 p. ; |
| Dimensiones | 21 cm. |
| Estado de retiro | Estado de pérdida | Restricciones de uso | No para préstamo | Código de colección | Localización permanente | Ubicación/localización actual | Ubicación en estantería | Fecha de adquisición | Número de inventario | Total de préstamos | Signatura topográfica completa | Código de barras | Fecha visto por última vez | Precio válido a partir de | Tipo de ítem Koha |
|---|---|---|---|---|---|---|---|---|---|---|---|---|---|---|---|
| Excluido de préstamo | Monografías: Libros y Folletos | General | General | En catalogación | 14.02.2011 | LF1 | xxx B976u | 25319-10 | 25.06.2020 | 25.06.2020 | No se presta |
